Socio-gerontechnology (Record no. 25530)
[ view plain ]
| 000 -LEADER | |
|---|---|
| fixed length control field | 00560nam a2200121Ia 4500 |
| 008 - FIXED-LENGTH DATA ELEMENTS--GENERAL INFORMATION | |
| fixed length control field | 220620s9999||||xx |||||||||||||| ||und|| |
| 245 #0 - TITLE STATEMENT | |
| Title | Socio-gerontechnology |
| Remainder of title | Interdisciplinary Critical Studies of Ageing and Technology |
| 546 ## - LANGUAGE NOTE | |
| Language note | English[eng] |
| 650 ## - SUBJECT ADDED ENTRY--TOPICAL TERM | |
| Topical term or geographic name entry element | Child, developmental and lifespan psychology||Society and culture: general||Sociology||Disability: social aspects |
| 700 ## - ADDED ENTRY--PERSONAL NAME | |
| Personal name | Peine, Alexander||Marshall, Barbara L.||Martin, Wendy||Neven, Louis |
| 856 ## - ELECTRONIC LOCATION AND ACCESS | |
| Uniform Resource Identifier | <a href="https://library.oapen.org/bitstream/20.500.12657/54183/1/9781000300529.pdf">https://library.oapen.org/bitstream/20.500.12657/54183/1/9781000300529.pdf</a> |
| 942 ## - ADDED ENTRY ELEMENTS (KOHA) | |
| Koha item type | E-Books |
| Withdrawn status | Lost status | Damaged status | Not for loan | Home library | Current library | Date acquired | Total Checkouts | Date last seen | Price effective from | Koha item type |
|---|---|---|---|---|---|---|---|---|---|---|
| Kerala University of Digital Sciences, Innovation and Technology Knowledge Centre | Kerala University of Digital Sciences, Innovation and Technology Knowledge Centre | 20/06/2022 | 20/06/2022 | 20/06/2022 | E-Books |